| 000 | 01887nam0a2200349 4500 | ||
|---|---|---|---|
| 001 | RU\NLR\BIBL_A\022661934 | ||
| 005 | 20260426072024.0 | ||
| 010 |
_a978-5-7777-0977-6 _9300 |
||
| 021 |
_aRU _bКН-П-25-057403 _9КН-П-25-5527 |
||
| 035 | _a(NLR Aleph) 022661934 | ||
| 090 |
_a13692640 _c13692640 |
||
| 100 | _a20251110d2025 k y0rusy50 ca | ||
| 101 | 0 |
_arus _aeng |
|
| 102 | _aRU | ||
| 105 | _aac z 000yy | ||
| 181 | 0 |
_ai3 _baxxe |
|
| 182 | 0 | _an | |
| 200 | 1 |
_aКонцепции специальных операций США: дискуссии и общие положения _e[монография] _fД. М. Заманапулов _gФедеральное государственное бюджетное учреждение науки Институт Соединённых Штатов Америки и Канады имени академика Г. А. Арбатова Российской академии наук |
|
| 203 |
_aТекст _bвизуальный _cнепосредственный |
||
| 210 |
_aМосква _cВесь мир _d2025 |
||
| 215 |
_a132, [2] с. _cил., портр. _d21 |
||
| 300 | _aНа 4-й с. обл. авт.: Заманапулов Д. М., канд. ист. наук | ||
| 300 | _aЧасть текста парал. на рус. и англ. яз. | ||
| 320 | _aБиблиогр.: с. 123-129 (85 назв.) и в подстроч. примеч. | ||
| 320 | _aДр. кн. авт. на 4-й с. обл. | ||
| 601 | 0 | 1 |
_aСоединенные Штаты Америки _cВойска специального назначения _xСпециальные операции _92705748 _3RU\NLR\AUTH\6601769417 |
| 686 | 1 | _aЦ68,8(7США)2 | |
| 700 | 1 |
_aЗаманапулов _bД. М. _gДемокрит Малхазович |
|
| 942 | _cBOOK | ||
| 980 | _aNB | ||